LEADER 02494 am 2200649 n 450 001 9910137412503321 005 20151019 010 $a2-8218-6218-0 010 $a2-909194-53-1 024 7 $a10.4000/books.cefas.1031 035 $a(CKB)3710000000543675 035 $a(FrMaCLE)OB-cefas-1031 035 $a(oapen)https://directory.doabooks.org/handle/20.500.12854/49300 035 $a(PPN)192224921 035 $a(EXLCZ)993710000000543675 100 $a20160106j|||||||| ||| 0 101 0 $afre 181 $ctxt$2rdacontent 182 $cc$2rdamedia 183 $acr$2rdacarrier 200 14$aLes Hi?ra et les forteresses du savoir au Yémen /$fIsm???l b. ?Al? al-Akwa? 210 $aSanaa $cCentre français de recherche de la péninsule Arabique$d2015 215 $a1 online resource (69 p.) 311 $a2-909194-05-1 330 $aTout au long de la longue histoire du Yémen islamique, les savants ont trouvé en certaines localités, parfois désignées sous le nom de Hi?ra, un lieu privilégié pour la transmission de leurs savoirs. Le présent texte, traduit de l'arabe, constitue l'introduction générale à la vaste encyclopédie en cinq volumes que le cadi Ism???l b. ?Al? al-Akwa? leur a consacrés. During the long history of Islamic Yemen, scholars have found in certain places, sometimes called Hi?ra, a favorable environment for teaching and learning. This book, translated from arabic, is the general introduction to the five-volumes encyclopaedia that has been devoted to theses "refuges of learning" by the late Yemeni scholar Cadi Ism???l b. ?Al? al-Akwa?. 606 $aReligion 606 $aécole 606 $ahijra 606 $aouléma 606 $achaféisme 606 $amadrasa 606 $ahijrah 606 $aZaydi imam 606 $aulama 606 $atribe 610 $achaféisme 610 $ahijra 610 $aouléma 610 $aécole 610 $amadrasa 615 4$aReligion 615 4$aécole 615 4$ahijra 615 4$aouléma 615 4$achaféisme 615 4$amadrasa 615 4$ahijrah 615 4$aZaydi imam 615 4$aulama 615 4$atribe 700 $aal-Akwa?$b Ism???l b. ?Al?$01325629 701 $aMermier$b Franck$0802362 801 0$bFR-FrMaCLE 906 $aBOOK 912 $a9910137412503321 996 $aLes Hi?ra et les forteresses du savoir au Yémen$93037009 997 $aUNINA LEADER 01997nas 2200637-a 450 001 996215987103316 005 20220219213019.0 011 $a1747-7506 035 $a(OCoLC)49479527 035 $a(CKB)110974990161246 035 $a(CONSER)--2008252967 035 $a(DE-599)ZDB2041800-0 035 $a(EXLCZ)99110974990161246 100 $a20020329a20009999 s-- a 101 0 $aeng 135 $aurcn||||||||| 181 $ctxt$2rdacontent 182 $cc$2rdamedia 183 $acr$2rdacarrier 200 10$aCurrent issues in language planning 210 $a[Clevedon, UK] $cMultilingual Matters Ltd.$d©2000- 210 31$aAbingdon :$cRoutledge, Taylor & Francis 300 $aRefereed/Peer-reviewed 311 $a1466-4208 606 $aLanguage planning$vPeriodicals 606 $aLanguage policy$vPeriodicals 606 $aSociolinguistics$vPeriodicals 606 $aLanguage planning 606 $aSociolinguistics 606 $aAménagement linguistique 606 $aSociolinguistique 606 $aAménagement linguistique$vPériodiques 606 $aSociolinguistique$vPériodiques 606 $asociolinguistics$2aat 606 $aLanguage planning$2fast$3(OCoLC)fst00992397 606 $aLanguage policy$2fast$3(OCoLC)fst00992402 606 $aSociolinguistics$2fast$3(OCoLC)fst01123847 608 $aPeriodicals.$2fast 610 $aPhilology & Linguistics 615 0$aLanguage planning 615 0$aLanguage policy 615 0$aSociolinguistics 615 0$aLanguage planning. 615 0$aSociolinguistics. 615 6$aAménagement linguistique. 615 6$aSociolinguistique. 615 6$aAménagement linguistique 615 6$aSociolinguistique 615 7$asociolinguistics. 615 7$aLanguage planning. 615 7$aLanguage policy. 615 7$aSociolinguistics. 906 $aJOURNAL 912 $a996215987103316 996 $aCurrent issues in language planning$92093033 997 $aUNISA